JAPANESE STOREFRONT DESIGN (Record no. 34773)

MARC details
000 -LEADER
fixed length control field 00281nam a22001337a 4500
003 - CONTROL NUMBER IDENTIFIER
control field SGT
020 ## - INTERNATIONAL STANDARD BOOK NUMBER
International Standard Book Number 9789881973801
082 ## - DEWEY DECIMAL CLASSIFICATION NUMBER
Classification number 747
Item number JIN
100 ## - MAIN ENTRY--PERSONAL NAME
Personal name JINLING QU
245 ## - TITLE STATEMENT
Title JAPANESE STOREFRONT DESIGN
260 ## - PUBLICATION, DISTRIBUTION, ETC. (IMPRINT)
Place of publication, distribution, etc CHINA
Name of publisher, distributor, etc DMP PUB
Year of Publication 2011
300 ## - PAGE DESCRIPTION
No. of Pages 240
942 ## - ADDED ENTRY ELEMENTS (KOHA)
Source of classification or shelving scheme Dewey Decimal Classification
Koha item type Books
Holdings
Withdrawn status Lost status Source of classification or shelving scheme Damaged status Not for loan Home library Current library Shelving location Date acquired Vendor Name Cost, normal purchase price SGTU Bill Number Total Checkouts Full call number Accession No. (Barcode) Date last seen Bill Date Koha item type
    Dewey Decimal Classification   Not For Loan SGT Science & Social Sciences Library SGT Science & Social Sciences Library Reference Book 01/05/2026 BRIJWASHI PUB 2341.65 SGTU BW/000547   747 JIN FF949 01/05/2026 15/04/2026 Books